<?xml version="1.0" encoding="UTF-8"?>
<record
    xmlns:xsi="http://www.w3.org/2001/XMLSchema-instance"
    xsi:schemaLocation="http://www.loc.gov/MARC21/slim http://www.loc.gov/standards/marcxml/schema/MARC21slim.xsd"
    xmlns="http://www.loc.gov/MARC21/slim">

  <leader>02362nam a22003737a 4500</leader>
  <controlfield tag="005">20100712123633.0</controlfield>
  <datafield tag="010" ind1=" " ind2=" ">
    <subfield code="a">ENG-96392       B-428489-493</subfield>
  </datafield>
  <datafield tag="020" ind1=" " ind2=" ">
    <subfield code="a">9788132104452</subfield>
    <subfield code="c">895.00</subfield>
  </datafield>
  <datafield tag="035" ind1=" " ind2=" ">
    <subfield code="a">EN-79925</subfield>
  </datafield>
  <datafield tag="035" ind1=" " ind2=" ">
    <subfield code="a">B-428489-493</subfield>
  </datafield>
  <datafield tag="037" ind1=" " ind2=" ">
    <subfield code="b">D.B.Act / Pub</subfield>
  </datafield>
  <datafield tag="082" ind1=" " ind2=" ">
    <subfield code="a"> 616.8914</subfield>
  </datafield>
  <datafield tag="245" ind1=" " ind2=" ">
    <subfield code="a">Bridging East-West psychology and counselling :</subfield>
    <subfield code="c">edited by Roy Moodley, Aanchal Rai [and] Waseem Alladin.</subfield>
    <subfield code="b">exploring the work of Pittu Laungani /</subfield>
  </datafield>
  <datafield tag="260" ind1=" " ind2=" ">
    <subfield code="a">New Delhi</subfield>
    <subfield code="b">Sage Publications</subfield>
    <subfield code="c">2010</subfield>
  </datafield>
  <datafield tag="270" ind1=" " ind2=" ">
    <subfield code="a">B1/11, Mohan Cooperative Inudstrial Area, Mathura Road,</subfield>
    <subfield code="b">New Delhi</subfield>
    <subfield code="e">110044</subfield>
  </datafield>
  <datafield tag="300" ind1=" " ind2=" ">
    <subfield code="a">xxii,324p.</subfield>
    <subfield code="c">24 cm (Hb.)</subfield>
  </datafield>
  <datafield tag="500" ind1=" " ind2=" ">
    <subfield code="a"> Includes  index.</subfield>
  </datafield>
  <datafield tag="600" ind1=" " ind2=" ">
    <subfield code="a">Laungani, Pittu.</subfield>
    <subfield code="9">32630</subfield>
  </datafield>
  <datafield tag="650" ind1=" " ind2=" ">
    <subfield code="a">Psychotherapy </subfield>
    <subfield code="v">Cross-cultural studies.</subfield>
    <subfield code="9">32631</subfield>
  </datafield>
  <datafield tag="650" ind1=" " ind2=" ">
    <subfield code="a">Cross-cultural counseling.</subfield>
    <subfield code="9">32632</subfield>
  </datafield>
  <datafield tag="650" ind1=" " ind2=" ">
    <subfield code="a"> Psychiatry, Transcultural.</subfield>
    <subfield code="9">32633</subfield>
  </datafield>
  <datafield tag="650" ind1=" " ind2=" ">
    <subfield code="a">Ethnopsychology.</subfield>
    <subfield code="9">32634</subfield>
  </datafield>
  <datafield tag="700" ind1=" " ind2=" ">
    <subfield code="a">Moodley, Roy.</subfield>
    <subfield code="9">32635</subfield>
  </datafield>
  <datafield tag="700" ind1=" " ind2=" ">
    <subfield code="a"> Rai, Aanchal</subfield>
    <subfield code="9">32636</subfield>
  </datafield>
  <datafield tag="700" ind1=" " ind2=" ">
    <subfield code="a">Alladin, Waseem.</subfield>
    <subfield code="9">32637</subfield>
  </datafield>
  <datafield tag="942" ind1=" " ind2=" ">
    <subfield code="a">dpl</subfield>
    <subfield code="c">EN</subfield>
    <subfield code="2">ddc</subfield>
    <subfield code="h"> 616.8914</subfield>
    <subfield code="m">BRI</subfield>
  </datafield>
  <datafield tag="999" ind1=" " ind2=" ">
    <subfield code="c">36895</subfield>
    <subfield code="d">36895</subfield>
  </datafield>
  <datafield tag="952" ind1=" " ind2=" ">
    <subfield code="0">0</subfield>
    <subfield code="1">0</subfield>
    <subfield code="2">ddc</subfield>
    <subfield code="4">0</subfield>
    <subfield code="7">1</subfield>
    <subfield code="8">NFIC</subfield>
    <subfield code="a">DBAD</subfield>
    <subfield code="b">DBAD</subfield>
    <subfield code="d">2010-07-12</subfield>
    <subfield code="e">DBAD/PUB</subfield>
    <subfield code="g">895.00</subfield>
    <subfield code="l">0</subfield>
    <subfield code="o">616.8914 BRI</subfield>
    <subfield code="p">EN-79925</subfield>
    <subfield code="r">2010-07-12 00:00:00</subfield>
    <subfield code="t">1</subfield>
    <subfield code="v">895.00</subfield>
    <subfield code="w">2010-07-12</subfield>
    <subfield code="y">EN</subfield>
  </datafield>
  <datafield tag="952" ind1=" " ind2=" ">
    <subfield code="0">0</subfield>
    <subfield code="1">0</subfield>
    <subfield code="4">0</subfield>
    <subfield code="7">0</subfield>
    <subfield code="8">NFIC</subfield>
    <subfield code="a">L</subfield>
    <subfield code="b">L</subfield>
    <subfield code="d">2011-08-11</subfield>
    <subfield code="e">Researchco Book Centre/22425/2010-11/17.3.11/76/4.3.11/30.3.11</subfield>
    <subfield code="g">895.00</subfield>
    <subfield code="l">1</subfield>
    <subfield code="m">1</subfield>
    <subfield code="o">616.8914 BRI</subfield>
    <subfield code="p">B-428489</subfield>
    <subfield code="r">2019-04-02 00:00:00</subfield>
    <subfield code="s">2019-03-05</subfield>
    <subfield code="t">1</subfield>
    <subfield code="v">895.00</subfield>
    <subfield code="w">2011-08-11</subfield>
    <subfield code="y">EN</subfield>
  </datafield>
  <datafield tag="952" ind1=" " ind2=" ">
    <subfield code="0">0</subfield>
    <subfield code="1">0</subfield>
    <subfield code="4">0</subfield>
    <subfield code="7">0</subfield>
    <subfield code="8">NFIC</subfield>
    <subfield code="a">BL1</subfield>
    <subfield code="b">BL1</subfield>
    <subfield code="d">2011-08-11</subfield>
    <subfield code="e">Researchco Book Centre/22425/2010-11/17.3.11/76/4.3.11/30.3.11</subfield>
    <subfield code="g">895.00</subfield>
    <subfield code="l">0</subfield>
    <subfield code="o">616.8914 BRI</subfield>
    <subfield code="p">B-428490</subfield>
    <subfield code="r">2011-08-11 00:00:00</subfield>
    <subfield code="t">1</subfield>
    <subfield code="v">895.00</subfield>
    <subfield code="w">2011-08-11</subfield>
    <subfield code="y">EN</subfield>
  </datafield>
  <datafield tag="952" ind1=" " ind2=" ">
    <subfield code="0">0</subfield>
    <subfield code="1">0</subfield>
    <subfield code="4">0</subfield>
    <subfield code="7">0</subfield>
    <subfield code="8">NFIC</subfield>
    <subfield code="a">ZLS</subfield>
    <subfield code="b">ZLS</subfield>
    <subfield code="d">2011-08-11</subfield>
    <subfield code="e">Researchco Book Centre/22425/2010-11/17.3.11/76/4.3.11/30.3.11</subfield>
    <subfield code="g">895.00</subfield>
    <subfield code="l">1</subfield>
    <subfield code="o">616.8914 BRI</subfield>
    <subfield code="p">B-428491</subfield>
    <subfield code="r">2019-01-31 00:00:00</subfield>
    <subfield code="s">2019-01-16</subfield>
    <subfield code="t">1</subfield>
    <subfield code="v">895.00</subfield>
    <subfield code="w">2011-08-11</subfield>
    <subfield code="y">EN</subfield>
  </datafield>
  <datafield tag="952" ind1=" " ind2=" ">
    <subfield code="0">0</subfield>
    <subfield code="1">0</subfield>
    <subfield code="4">0</subfield>
    <subfield code="7">0</subfield>
    <subfield code="8">NFIC</subfield>
    <subfield code="a">BL3</subfield>
    <subfield code="b">BL3</subfield>
    <subfield code="d">2011-08-11</subfield>
    <subfield code="e">Researchco Book Centre/22425/2010-11/17.3.11/76/4.3.11/30.3.11</subfield>
    <subfield code="g">895.00</subfield>
    <subfield code="l">0</subfield>
    <subfield code="o">616.8914 BRI</subfield>
    <subfield code="p">B-428492</subfield>
    <subfield code="r">2011-08-11 00:00:00</subfield>
    <subfield code="t">1</subfield>
    <subfield code="v">895.00</subfield>
    <subfield code="w">2011-08-11</subfield>
    <subfield code="y">EN</subfield>
  </datafield>
  <datafield tag="952" ind1=" " ind2=" ">
    <subfield code="0">0</subfield>
    <subfield code="1">0</subfield>
    <subfield code="4">0</subfield>
    <subfield code="7">0</subfield>
    <subfield code="8">NFIC</subfield>
    <subfield code="a">BL4</subfield>
    <subfield code="b">BL4</subfield>
    <subfield code="d">2011-08-11</subfield>
    <subfield code="e">Researchco Book Centre/22425/2010-11/17.3.11/76/4.3.11/30.3.11</subfield>
    <subfield code="g">895.00</subfield>
    <subfield code="l">2</subfield>
    <subfield code="o">616.8914 BRI</subfield>
    <subfield code="p">B-428493</subfield>
    <subfield code="r">2021-10-22 00:00:00</subfield>
    <subfield code="s">2021-10-04</subfield>
    <subfield code="t">1</subfield>
    <subfield code="v">895.00</subfield>
    <subfield code="w">2011-08-11</subfield>
    <subfield code="y">EN</subfield>
  </datafield>
</record>
